[Event "Bamberg op-B 5th"]
[Site "Bamberg"]
[Date "2023.07.28"]
[Round "4"]
[White "Zaid, Shannak"]
[Black "Timm, Jasper"]
[Result "0-1"]
[WhiteElo "1433"]
[BlackElo "1701"]
[PlyCount "124"]
[EventDate "2023.07.26"]
[EventType "swiss"]
[EventRounds "7"]
[EventCountry "GER"]
[SourceTitle "CBM 215 Extra"]
[Source "ChessBase"]
[SourceDate "2023.09.30"]
[SourceVersion "1"]
[SourceVersionDate "2023.09.30"]
[SourceQuality "1"]

1. d4 Nf6 2. c4 e6 3. g3 d5 4. Bg2 Be7 5. Nf3 0-0 6. Nc3 dxc4 7. Ne5 c5 8. e3 Qc7 9. 0-0 Rd8 10. Nb5 Qb6 11. a4 cxd4 12. Nxc4 Qc5 13. Qb3 Nc6 14. Bd2 e5 15. Nc7 Rb8 16. Rac1 e4 17. Na3 Qd6 18. Ncb5 Be6 19. Qc2 d3 20. Qd1 Qd7 21. Nb1 a6 22. N5c3 Bf5 23. f3 exf3 24. Qxf3 Bg6 25. Na3 Ne5 26. Qf4 Qe6 27. h3 Nh5 28. Qf2 Bxa3 29. bxa3 Nc4 30. g4 Nxd2 31. gxh5 Nxf1 32. hxg6 Qxe3 33. gxf7+ Kf8 34. Rxf1 Qxf2+ 35. Rxf2 Rbc8 36. Nd1 b5 37. Bb7 Rc2 38. Bxa6 d2 39. Bxb5 Rc5 40. Kf1 Re5 41. Re2 Rf5+ 42. Rf2 Re5 43. Re2 Rf5+ 44. Rf2 Rc5 45. Rf3 Re5 46. Be2 Rd6 47. Kf2 Rde6 48. Bc4 Rc6 49. Bb3 Re1 50. Rd3 Rf6+ 51. Rf3 Rd6 52. Re3 Rf6+ 53. Rf3 Rf1+ 54. Kxf1 Rxf3+ 55. Ke2 Rxb3 56. Kxd2 Rxa3 57. Nc3 Kxf7 58. Kc2 Ra1 59. Kb2 Re1 60. Kb3 Ke6 61. Kb4 Kd6 62. Kb5 Kc7 0-1

[Event "Bamberg op-B 5th"]
[Site "Bamberg"]
[Date "2023.07.27"]
[Round "3"]
[White "Bandau, Frank"]
[Black "Zaid, Shannak"]
[Result "0-1"]
[WhiteElo "1750"]
[BlackElo "1433"]
[PlyCount "74"]
[EventDate "2023.07.26"]
[EventType "swiss"]
[EventRounds "7"]
[EventCountry "GER"]
[SourceTitle "CBM 215 Extra"]
[Source "ChessBase"]
[SourceDate "2023.09.30"]
[SourceVersion "1"]
[SourceVersionDate "2023.09.30"]
[SourceQuality "1"]

1. e4 c5 2. d3 g6 3. f4 Bg7 4. Nf3 Nc6 5. Be2 e6 6. 0-0 Nge7 7. c3 0-0 8. Qe1 d5 9. e5 b5 10. Kh1 Rb8 11. g4 d4 12. Nbd2 Nd5 13. Ne4 f6 14. Nxc5 fxe5 15. Ng5 Nxf4 16. Bxf4 Rxf4 17. Ngxe6 Bxe6 18. Nxe6 Rxf1+ 19. Bxf1 Qd5+ 20. Bg2 Qxe6 21. Qe4 Rc8 22. a4 bxa4 23. c4 Qd7 24. Rxa4 Ne7 25. Rb4 Qc7 26. Rb7 Qa5 27. h3 Qa1+ 28. Kh2 Re8 29. c5 Qc1 30. c6 Bh6 31. h4 Bf4+ 32. Kh3 Qg1 33. Qxf4 exf4 34. c7 Qe3+ 35. Kh2 Qg3+ 36. Kg1 f3 37. c8Q Qxg2# 0-1